000 00603nam a2200205 4500
999 _c20629
_d20629
001 1731853
003 OSt
005 20200205114451.0
008 730305s1972 ii b 001 0 eng
040 _coclc
082 0 0 _a320
_bJOH/C
100 _aJohari, J C
_91674
245 1 0 _aComparative Politics /
_c J C Johari
260 _aNew Delhi,
_bSterling Publishers
_c[1982]
300 _a600p
_c22 cm.
504 _aBibliography: p. [175]
650 0 _aComparative government.
906 _a7
_bcbc
_corignew
_d2
_encip
_f19
_gy-gencatlg
942 _2ddc
_cBK
_h320
_iJOH/C
_k320
_mJOH/C